[Event "Titled Tuesday intern op 04th Oct Early"]
[Site "Chess.com INT"]
[Date "2022.10.04"]
[Round "2"]
[White "Iljin, Timofey"]
[Black "Dejmek, Mark W"]
[Result "1-0"]
[WhiteElo "2335"]
[BlackElo "2036"]
[PlyCount "59"]
[EventDate "2022.10.04"]
[EventType "swiss (blitz)"]
[EventRounds "11"]
[EventCountry "USA"]
[SourceTitle "EXT 2023"]
[Source "ChessBase"]
[SourceDate "2022.10.05"]
[SourceVersion "1"]
[SourceVersionDate "2022.10.05"]
[SourceQuality "1"]

1. e4 e5 2. Nf3 Nc6 3. d4 exd4 4. Bc4 Bc5 5. 0-0 d6 6. c3 d3 7. b4 Bb6 8. Qxd3 Nf6 9. Bg5 h6 10. Bh4 g5 11. Bg3 Ng4 12. a4 a6 13. h3 Nge5 14. Nxe5 Nxe5 15. Bxe5 dxe5 16. Qf3 Qe7 17. Na3 Bd7 18. Nc2 Be6 19. Bd5 Bxd5 20. exd5 0-0-0 21. c4 Bd4 22. Nxd4 exd4 23. Qg4+ Kb8 24. Qxd4 Qxb4 25. Rfb1 Qd6 26. Rb3 Ka8 27. Rab1 Rb8 28. c5 Qf4 29. Qd3 Qxa4 30. Ra3 1-0

[Event "Titled Tuesday intern op 04th Oct Early"]
[Site "Chess.com INT"]
[Date "2022.10.04"]
[Round "4"]
[White "Quirke, Jeffrey"]
[Black "Dejmek, Mark W"]
[Result "1/2-1/2"]
[WhiteElo "2047"]
[BlackElo "2036"]
[PlyCount "124"]
[EventDate "2022.10.04"]
[EventType "swiss (blitz)"]
[EventRounds "11"]
[EventCountry "USA"]
[SourceTitle "EXT 2023"]
[Source "ChessBase"]
[SourceDate "2022.10.05"]
[SourceVersion "1"]
[SourceVersionDate "2022.10.05"]
[SourceQuality "1"]

1. c4 Nf6 2. g3 d5 3. cxd5 Nxd5 4. Bg2 e5 5. Nc3 Nxc3 6. bxc3 Be7 7. Rb1 c6 8. Nf3 Qc7 9. 0-0 0-0 10. d3 Be6 11. Qc2 Nd7 12. c4 f6 13. Nd2 Kh8 14. Bb2 Nc5 15. Nb3 Nxb3 16. axb3 Bb4 17. Bc3 a5 18. Ra1 Rfd8 19. Ra2 Qe7 20. Rfa1 Rac8 21. Bxb4 axb4 22. Ra7 Rc7 23. Qa2 Qc5 24. Qa5 Qxa5 25. R1xa5 Bg4 26. Kf1 Rcd7 27. Ra8 h5 28. Rxd8+ Rxd8 29. h3 Bf5 30. Ra4 e4 31. Rxb4 exd3 32. exd3 Bxd3+ 33. Ke1 Re8+ 34. Kd2 Bg6 35. Bf3 Re7 36. Ra4 Bf7 37. Ra8+ Kh7 38. Rb8 g6 39. c5 Kg7 40. b4 Rd7+ 41. Kc3 Ba2 42. b5 cxb5 43. c6 bxc6 44. Kb4 Re7 45. Kc5 Bd5 46. Bxd5 cxd5 47. Kxd5 Re2 48. Rb7+ Kh6 49. f4 Rg2 50. g4 hxg4 51. hxg4 Rxg4 52. Rxb5 Rxf4 53. Ke6 Rf5 54. Rb8 Kg5 55. Rg8 Re5+ 56. Kf7 Re2 57. Rxg6+ Kf5 58. Rxf6+ Kg5 59. Rg6+ Kf4 60. Rf6+ Kg5 61. Rg6+ Kf5 62. Rf6+ Kg5 1/2-1/2

[Event "Titled Tuesday intern op 07th Jun Late"]
[Site "Chess.com INT"]
[Date "2022.06.07"]
[Round "1"]
[White "Dejmek, Mark W"]
[Black "Araujo Sanchez, Josue"]
[Result "0-1"]
[WhiteElo "2018"]
[BlackElo "2256"]
[PlyCount "72"]
[EventDate "2022.06.07"]
[EventType "swiss (blitz)"]
[EventRounds "11"]
[EventCountry "USA"]
[SourceTitle "CBM 208 Extra"]
[Source "ChessBase"]
[SourceDate "2022.07.31"]
[SourceVersion "1"]
[SourceVersionDate "2022.07.31"]
[SourceQuality "1"]

1. Nf3 d5 2. c4 c6 3. Qc2 Nf6 4. g3 a6 5. Bg2 b5 6. b3 e6 7. d3 Be7 8. 0-0 0-0 9. Bb2 a5 10. cxb5 cxb5 11. Nc3 b4 12. Na4 Bb7 13. Rac1 Nc6 14. Nd4 Nxd4 15. Bxd4 Rc8 16. Qb2 Rxc1 17. Rxc1 Qb8 18. Be5 Qa7 19. Bd4 Qa8 20. Nb6 Qa6 21. h3 e5 22. Bxe5 Qxb6 23. Bc7 Qe6 24. Bxa5 Rc8 25. Rxc8+ Qxc8 26. Qd4 Qc1+ 27. Kh2 h5 28. Bxb4 Bxb4 29. Qxb4 Bc6 30. Qb8+ Kh7 31. Qc7 h4 32. Qxf7 hxg3+ 33. fxg3 Qe3 34. Qc7 Bd7 35. Qf4 Qxe2 36. Qh4+ Kg8 0-1

[Event "Titled Tuesday intern op 17th May Early"]
[Site "Chess.com INT"]
[Date "2022.05.17"]
[Round "2"]
[White "Dejmek, Mark W"]
[Black "Batsiashvili, Nino"]
[Result "0-1"]
[WhiteElo "2018"]
[BlackElo "2463"]
[PlyCount "58"]
[EventDate "2022.05.17"]
[EventType "swiss (blitz)"]
[EventRounds "11"]
[EventCountry "USA"]
[SourceTitle "CBM 208 Extra"]
[Source "ChessBase"]
[SourceDate "2022.07.31"]
[SourceVersion "1"]
[SourceVersionDate "2022.07.31"]
[SourceQuality "1"]

1. Nf3 d5 2. c4 d4 3. g3 Nc6 4. Bg2 e5 5. d3 Nf6 6. 0-0 Be7 7. e3 0-0 8. exd4 exd4 9. a3 a5 10. Re1 Re8 11. Bg5 h6 12. Bxf6 Bxf6 13. Nbd2 Bf5 14. Qc2 Qd7 15. b3 Rad8 16. Rab1 b6 17. b4 axb4 18. axb4 Rxe1+ 19. Nxe1 Be7 20. b5 Ne5 21. Ne4 Bg6 22. h3 Qe6 23. f4 Nd7 24. Qf2 f5 25. Ng5 Qf6 26. Bd5+ Kh8 27. Ne6 Rc8 28. Qxd4 Bc5 29. Nxc5 Qxd4+ 0-1

[Event "Titled Tuesday intern op 17th May Early"]
[Site "Chess.com INT"]
[Date "2022.05.17"]
[Round "1"]
[White "Dejmek, Mark W"]
[Black "Djokic, Mihailo"]
[Result "0-1"]
[WhiteElo "2018"]
[BlackElo "2194"]
[PlyCount "96"]
[EventDate "2022.05.17"]
[EventType "swiss (blitz)"]
[EventRounds "11"]
[EventCountry "USA"]
[SourceTitle "CBM 208 Extra"]
[Source "ChessBase"]
[SourceDate "2022.07.31"]
[SourceVersion "1"]
[SourceVersionDate "2022.07.31"]
[SourceQuality "1"]

1. Nf3 Nf6 2. g3 g6 3. b4 Bg7 4. Bb2 0-0 5. Bg2 d6 6. 0-0 a5 7. b5 e5 8. d3 Nbd7 9. c4 Nc5 10. Na3 Re8 11. Nc2 Bf5 12. Nd2 e4 13. dxe4 Nfxe4 14. Bxg7 Kxg7 15. Nxe4 Bxe4 16. Qd4+ Qf6 17. Qxf6+ Kxf6 18. Ne3 Kg7 19. Nd5 Bxd5 20. Bxd5 Rxe2 21. Rfe1 Rae8 22. Kf1 Rxe1+ 23. Rxe1 Rxe1+ 24. Kxe1 b6 25. f4 f5 26. Kd2 Kf6 27. Ke3 h6 28. h4 g5 29. hxg5+ hxg5 30. Bf3 gxf4+ 31. gxf4 Ke7 32. Bd5 Kf6 33. Bf3 Nd7 34. Bc6 Nf8 35. Bd5 Ng6 36. Bc6 Ne7 37. Bf3 Ke6 38. Kd4 Kd7 39. Bg2 c5+ 40. bxc6+ Nxc6+ 41. Kc3 Ne7 42. Bh3 Kc6 43. Kd4 b5 44. cxb5+ Kxb5 45. Bf1+ Kb4 46. Bd3 a4 47. Bb1 Ka3 48. Kc3 Nd5+ 0-1

[Event "Titled Tuesday intern op 29th Mar Early"]
[Site "Chess.com INT"]
[Date "2022.03.29"]
[Round "3"]
[White "Dejmek, Mark W"]
[Black "Secer, Ata"]
[Result "0-1"]
[WhiteElo "2018"]
[BlackElo "2360"]
[PlyCount "56"]
[EventDate "2022.03.29"]
[EventType "swiss (blitz)"]
[EventRounds "11"]
[EventCountry "USA"]
[SourceTitle "CBM 207 Extra"]
[Source "ChessBase"]
[SourceDate "2022.05.31"]
[SourceVersion "1"]
[SourceVersionDate "2022.05.31"]
[SourceQuality "1"]

1. Nf3 d5 2. c4 c6 3. Qc2 Nf6 4. g3 Bg4 5. Bg2 e6 6. 0-0 Nbd7 7. b3 Bd6 8. Bb2 Qe7 9. d3 0-0 10. Nbd2 Ba3 11. Ne5 Bxb2 12. Qxb2 Bxe2 13. Rfe1 Nxe5 14. Rxe2 Nxd3 15. Qd4 dxc4 16. Nxc4 Rfd8 17. Qh4 Qb4 18. Qh3 b5 19. Ne3 Rac8 20. Rd1 c5 21. Red2 c4 22. Ng4 Nxg4 23. Qxg4 Qc5 24. Qh4 Rd4 25. Qh3 Rcd8 26. Bf1 Nxf2 27. Rxf2 Rxd1 28. Qh5 Qxh5 0-1

[Event "Titled Tuesday intern op 29th Mar Early"]
[Site "Chess.com INT"]
[Date "2022.03.29"]
[Round "5"]
[White "Lehtosaari, Mauri"]
[Black "Dejmek, Mark W"]
[Result "1-0"]
[WhiteElo "2199"]
[BlackElo "2018"]
[PlyCount "65"]
[EventDate "2022.03.29"]
[EventType "swiss (blitz)"]
[EventRounds "11"]
[EventCountry "USA"]
[SourceTitle "CBM 207 Extra"]
[Source "ChessBase"]
[SourceDate "2022.05.31"]
[SourceVersion "1"]
[SourceVersionDate "2022.05.31"]
[SourceQuality "1"]

1. d4 Nf6 2. Nf3 e6 3. Bg5 h6 4. Bh4 c5 5. e3 Qb6 6. Nbd2 cxd4 7. exd4 d5 8. Bd3 Be7 9. 0-0 0-0 10. Rb1 Nc6 11. c3 Bd7 12. Ne5 g5 13. Bg3 Nxe5 14. Bxe5 Bb5 15. Bxb5 Qxb5 16. Qf3 Nd7 17. Bg3 f5 18. Be5 Nxe5 19. dxe5 Qa4 20. a3 Qg4 21. Qxg4 fxg4 22. Rfe1 Bc5 23. Re2 Rf5 24. Nb3 Bb6 25. g3 Raf8 26. Nd4 Bxd4 27. cxd4 Rf3 28. Rd2 Rb3 29. Rc1 Rff3 30. Rc7 a5 31. Re7 Rfd3 32. Rc2 Rxd4 33. Rc8# 1-0

[Event "Titled Tuesday intern op 29th Mar Early"]
[Site "Chess.com INT"]
[Date "2022.03.29"]
[Round "7"]
[White "Prohorov, Olexandr"]
[Black "Dejmek, Mark W"]
[Result "1-0"]
[WhiteElo "2086"]
[BlackElo "2018"]
[PlyCount "71"]
[EventDate "2022.03.29"]
[EventType "swiss (blitz)"]
[EventRounds "11"]
[EventCountry "USA"]
[SourceTitle "CBM 207 Extra"]
[Source "ChessBase"]
[SourceDate "2022.05.31"]
[SourceVersion "1"]
[SourceVersionDate "2022.05.31"]
[SourceQuality "1"]

1. e4 e5 2. Nf3 Nc6 3. Bb5 a6 4. Ba4 Nf6 5. 0-0 Be7 6. Re1 b5 7. Bb3 d6 8. d3 0-0 9. h3 Na5 10. Nbd2 c5 11. c3 Nxb3 12. axb3 Bb7 13. Nf1 Re8 14. Ng3 Bf8 15. c4 Rb8 16. Bd2 Qd7 17. Bg5 Qe6 18. Nh4 h6 19. Bd2 g6 20. Qc1 Kh7 21. Nf3 Ng8 22. b4 bxc4 23. dxc4 Rec8 24. bxc5 Rxc5 25. b3 Rcc8 26. Qc3 f5 27. exf5 gxf5 28. Nd4 exd4 29. Rxe6 dxc3 30. Bxc3 Bg7 31. Bxg7 Kxg7 32. Nxf5+ Kf7 33. Rae1 Rc6 34. Nxd6+ Kf8 35. b4 Rxd6 36. Rxd6 1-0

[Event "Titled Tuesday intern op 08th Mar Early"]
[Site "Chess.com INT"]
[Date "2022.03.08"]
[Round "1"]
[White "Dejmek, Mark W"]
[Black "Vlassov, Nikolai"]
[Result "0-1"]
[WhiteElo "2018"]
[BlackElo "2294"]
[PlyCount "110"]
[EventDate "2022.03.08"]
[EventType "swiss (blitz)"]
[EventRounds "11"]
[EventCountry "USA"]
[SourceTitle "CBM 207 Extra"]
[Source "ChessBase"]
[SourceDate "2022.05.31"]
[SourceVersion "1"]
[SourceVersionDate "2022.05.31"]
[SourceQuality "1"]

1. Nf3 Nf6 2. g3 g6 3. b4 Bg7 4. Bb2 0-0 5. Bg2 d6 6. 0-0 e5 7. d3 Nc6 8. b5 Ne7 9. c4 Nh5 10. Nc3 f5 11. Nd2 c6 12. a4 Be6 13. a5 a6 14. bxc6 bxc6 15. Qa4 d5 16. f4 e4 17. Nd1 Bxb2 18. Nxb2 Nf6 19. Nb3 Rb8 20. Nd1 Qd6 21. c5 Qc7 22. d4 Rb7 23. e3 Rfb8 24. Nc1 Rb4 25. Qa2 Qb7 26. Ne2 Qb5 27. Nec3 Qc4 28. h3 Rb3 29. Qd2 Nc8 30. Rf2 Qb4 31. Bf1 Qb7 32. Kh2 Na7 33. Be2 Kf7 34. Rg2 h5 35. g4 hxg4 36. hxg4 fxg4 37. Kg3 Rh8 38. Nf2 Rb2 39. Rb1 Rxb1 40. Nxb1 Qxb1 41. Nxg4 Nxg4 42. Bxg4 Bxg4 43. Kxg4 Nb5 44. f5 gxf5+ 45. Kxf5 Qh1 46. Qf2 Ke8 47. Ke5 Qh5+ 48. Qf5 Qxf5+ 49. Kxf5 Rh6 50. Rg7 Kd8 51. Rb7 Nc7 52. Ra7 Kd7 53. Ke5 Rh3 54. Kf4 Rf3+ 55. Kg4 Rxe3 0-1

[Event "Titled Tuesday intern op 08th Mar Early"]
[Site "Chess.com INT"]
[Date "2022.03.08"]
[Round "3"]
[White "Rodchenkov, Sergey D"]
[Black "Dejmek, Mark W"]
[Result "1-0"]
[WhiteElo "2346"]
[BlackElo "2018"]
[PlyCount "51"]
[EventDate "2022.03.08"]
[EventType "swiss (blitz)"]
[EventRounds "11"]
[EventCountry "USA"]
[SourceTitle "CBM 207 Extra"]
[Source "ChessBase"]
[SourceDate "2022.05.31"]
[SourceVersion "1"]
[SourceVersionDate "2022.05.31"]
[SourceQuality "1"]

1. e4 e5 2. Nf3 Nc6 3. Bc4 Bc5 4. d3 Nf6 5. 0-0 d6 6. Nbd2 0-0 7. c3 a6 8. a4 Ba7 9. h3 Ne7 10. d4 Ng6 11. Re1 c6 12. Bd3 Re8 13. Nf1 exd4 14. cxd4 c5 15. d5 Nd7 16. Bc2 b5 17. Kh1 b4 18. Ne3 c4 19. Nxc4 Bxf2 20. Rf1 Bc5 21. Ng5 Nde5 22. Qh5 h6 23. Nxf7 Nxf7 24. Qxg6 Rf8 25. e5 Nxe5 26. Qh7# 1-0

[Event "Titled Tuesday intern op 22nd Feb Early"]
[Site "Chess.com INT"]
[Date "2022.02.22"]
[Round "2"]
[White "Dejmek, Mark W"]
[Black "Aaditya, Dhingra"]
[Result "0-1"]
[WhiteElo "2018"]
[BlackElo "2176"]
[PlyCount "88"]
[EventDate "2022.02.22"]
[EventType "swiss (blitz)"]
[EventRounds "11"]
[EventCountry "USA"]
[SourceTitle "CBM 207 Extra"]
[Source "ChessBase"]
[SourceDate "2022.05.31"]
[SourceVersion "1"]
[SourceVersionDate "2022.05.31"]
[SourceQuality "1"]

1. Nf3 Nf6 2. g3 d5 3. c4 d4 4. Bg2 c5 5. e3 Nc6 6. exd4 cxd4 7. d3 e5 8. 0-0 Be7 9. Re1 Nd7 10. Na3 0-0 11. Rb1 f5 12. c5 Bxc5 13. Nc4 Re8 14. b4 Bxb4 15. Rxb4 Nxb4 16. Qb3 Nc5 17. Qxb4 Nxd3 18. Qb3 Nxe1 19. Ng5 Be6 20. Nxe6 Rxe6 21. Nxe5 Qe7 22. Bd5 Re8 23. Bd2 Kh8 24. Bxe6 Qxe6 25. Qxe6 Rxe6 26. f4 Rxe5 27. fxe5 Nf3+ 28. Kf2 Nxd2 29. Ke2 Nc4 30. e6 Nd6 31. Kd3 Kg8 32. Kxd4 Kf8 33. Ke5 Ke7 34. a4 b6 35. h3 g6 36. g4 fxg4 37. hxg4 Nb7 38. Kd5 Nc5 39. g5 Nxe6 40. Kc6 Nxg5 41. Kb7 Kd7 42. Kxa7 Kc7 43. Ka6 h5 44. Kb5 h4 0-1

[Event "Titled Tuesday intern op 22nd Feb Early"]
[Site "Chess.com INT"]
[Date "2022.02.22"]
[Round "4"]
[White "Dejmek, Mark W"]
[Black "Ferreira, Vitor Hugo Vieira"]
[Result "0-1"]
[WhiteElo "2018"]
[BlackElo "2123"]
[PlyCount "82"]
[EventDate "2022.02.22"]
[EventType "swiss (blitz)"]
[EventRounds "11"]
[EventCountry "USA"]
[SourceTitle "CBM 207 Extra"]
[Source "ChessBase"]
[SourceDate "2022.05.31"]
[SourceVersion "1"]
[SourceVersionDate "2022.05.31"]
[SourceQuality "1"]

1. Nf3 Nf6 2. g3 d5 3. c4 c6 4. Qc2 e6 5. Bg2 Be7 6. 0-0 0-0 7. b3 b6 8. Bb2 Bb7 9. d3 Nbd7 10. Nbd2 Rc8 11. Rac1 c5 12. e3 Qc7 13. Qb1 Qb8 14. cxd5 Nxd5 15. a3 Rfd8 16. d4 Qa8 17. Rfe1 cxd4 18. exd4 a6 19. Nc4 N5f6 20. Nh4 b5 21. Ne5 Bxg2 22. Nxg2 Qd5 23. b4 h6 24. Nf4 Qd6 25. Nfd3 Nb6 26. Nc5 Na4 27. Nxa4 bxa4 28. Qd3 Nd5 29. Qf3 Bf6 30. Nd3 Nb6 31. Nc5 Bxd4 32. Bxd4 Qxd4 33. Red1 Qf6 34. Qxf6 gxf6 35. Nxa6 Rxd1+ 36. Rxd1 Rc3 37. Nc5 Rxa3 38. Rd6 Nd5 39. Ra6 Ra1+ 40. Kg2 a3 41. Nb3 Nxb4 0-1

[Event "Titled Tuesday intern op 08th Feb Early"]
[Site "Chess.com INT"]
[Date "2022.02.08"]
[Round "2"]
[White "Aggelis, Nikolaos"]
[Black "Dejmek, Mark W"]
[Result "1-0"]
[WhiteElo "2284"]
[BlackElo "2018"]
[PlyCount "81"]
[EventDate "2022.02.08"]
[EventType "swiss (blitz)"]
[EventRounds "11"]
[EventCountry "USA"]
[SourceTitle "CBM 206 Extra"]
[Source "ChessBase"]
[SourceDate "2022.03.31"]
[SourceVersion "1"]
[SourceVersionDate "2022.03.31"]
[SourceQuality "1"]

1. d4 Nf6 2. g3 g6 3. Bg2 Bg7 4. Nf3 0-0 5. 0-0 c5 6. dxc5 Na6 7. Be3 Ng4 8. Bd4 e5 9. Bc3 Nxc5 10. h3 Nf6 11. Bxe5 d5 12. Nc3 Nce4 13. Nxe4 dxe4 14. Qxd8 Rxd8 15. Ng5 e3 16. fxe3 h6 17. Bxf6 Bxf6 18. Rxf6 hxg5 19. Be4 Bxh3 20. Kh2 Be6 21. Raf1 Rac8 22. Bxg6 Kg7 23. Bxf7 Bxf7 24. Rxf7+ Kg6 25. g4 Rd6 26. c3 Re8 27. Rxb7 Rxe3 28. Rf2 Rd2 29. Kg2 Rdxe2 30. Rxe2 Rxe2+ 31. Kf3 Rh2 32. a4 a5 33. b4 axb4 34. cxb4 Kf6 35. a5 Ke5 36. a6 Rh3+ 37. Ke2 Ra3 38. a7 Kd5 39. b5 Kc5 40. b6 Kc6 41. Rb8 1-0

[Event "Titled Tuesday intern op 08th Feb Early"]
[Site "Chess.com INT"]
[Date "2022.02.08"]
[Round "1"]
[White "Bodnaruk, Anastasia"]
[Black "Dejmek, Mark W"]
[Result "1-0"]
[WhiteElo "2392"]
[BlackElo "2018"]
[PlyCount "81"]
[EventDate "2022.02.08"]
[EventType "swiss (blitz)"]
[EventRounds "11"]
[EventCountry "USA"]
[SourceTitle "CBM 206 Extra"]
[Source "ChessBase"]
[SourceDate "2022.03.31"]
[SourceVersion "1"]
[SourceVersionDate "2022.03.31"]
[SourceQuality "1"]

1. e4 e5 2. Nf3 Nc6 3. Bb5 a6 4. Ba4 Nf6 5. 0-0 Be7 6. Re1 b5 7. Bb3 d6 8. a4 Rb8 9. c3 0-0 10. h3 Nd7 11. d4 Bf6 12. axb5 axb5 13. d5 Ne7 14. Nbd2 Ng6 15. Nf1 Nc5 16. Bc2 b4 17. Ng3 bxc3 18. bxc3 Nf4 19. Nf5 g6 20. Nh6+ Kg7 21. Ng4 Bxg4 22. hxg4 g5 23. g3 Ng6 24. Kg2 Rh8 25. Rh1 h6 26. Nd2 Qd7 27. Nc4 Rh7 28. Ne3 Rbh8 29. Nf5+ Kg8 30. Ra8+ Nf8 31. Qf3 c6 32. Be3 cxd5 33. exd5 Qb7 34. Re8 e4 35. Bxe4 Nxe4 36. Qxe4 Bxc3 37. Bd4 Bxd4 38. Qxd4 f6 39. Qxf6 Qxd5+ 40. f3 Qf7 41. Ne7+ 1-0

[Event "Titled Tuesday intern op 08th Feb Early"]
[Site "Chess.com INT"]
[Date "2022.02.08"]
[Round "3"]
[White "Dejmek, Mark W"]
[Black "Djaparov, Medet"]
[Result "0-1"]
[WhiteElo "2018"]
[BlackElo "1660"]
[PlyCount "74"]
[EventDate "2022.02.08"]
[EventType "swiss (blitz)"]
[EventRounds "11"]
[EventCountry "USA"]
[SourceTitle "CBM 206 Extra"]
[Source "ChessBase"]
[SourceDate "2022.03.31"]
[SourceVersion "1"]
[SourceVersionDate "2022.03.31"]
[SourceQuality "1"]

1. Nf3 Nf6 2. g3 g6 3. d4 Bg7 4. Bg2 0-0 5. 0-0 d5 6. Be3 c5 7. dxc5 Ne4 8. Bd4 Nc6 9. Bxg7 Kxg7 10. Nbd2 Nxc5 11. Re1 Ne6 12. c3 Qb6 13. Qc2 d4 14. e3 dxe3 15. Rxe3 Nc5 16. Nc4 Qa6 17. Nce5 Nxe5 18. Nxe5 Bf5 19. Qe2 Qxe2 20. Rxe2 Rad8 21. b4 Na4 22. c4 f6 23. Nf3 Kf7 24. Rae1 Rd7 25. Nh4 Bd3 26. Rd2 Rfd8 27. c5 Bc4 28. Rxd7 Rxd7 29. Nf3 Bxa2 30. Ra1 Bb3 31. Bh3 Rd1+ 32. Rxd1 Bxd1 33. Nd4 Nc3 34. Bc8 b6 35. c6 Ke8 36. Be6 Kd8 37. Nb5 Nxb5 0-1

[Event "Titled Tuesday intern op 08th Feb Early"]
[Site "Chess.com INT"]
[Date "2022.02.08"]
[Round "4"]
[White "Manon Og, Ramon Jr"]
[Black "Dejmek, Mark W"]
[Result "1-0"]
[WhiteElo "2064"]
[BlackElo "2018"]
[PlyCount "55"]
[EventDate "2022.02.08"]
[EventType "swiss (blitz)"]
[EventRounds "11"]
[EventCountry "USA"]
[SourceTitle "CBM 206 Extra"]
[Source "ChessBase"]
[SourceDate "2022.03.31"]
[SourceVersion "1"]
[SourceVersionDate "2022.03.31"]
[SourceQuality "1"]

1. e4 e5 2. Nf3 Nc6 3. Bc4 Bc5 4. c3 Nf6 5. 0-0 Nxe4 6. d4 d5 7. Bb5 exd4 8. cxd4 Be7 9. Ne5 Bd7 10. Nxd7 Qxd7 11. Nc3 0-0 12. Nxe4 dxe4 13. d5 Rad8 14. Be3 Qxd5 15. Qa4 a6 16. Bc4 Qh5 17. Qc2 Bd6 18. g3 Ne5 19. Qxe4 Rfe8 20. Bd5 c6 21. g4 Nxg4 22. Bxf7+ Kxf7 23. Qf3+ Kg8 24. h3 Nxe3 25. Qxh5 Nxf1 26. Rxf1 Bf8 27. b4 Rd5 28. Qxe8 1-0

[Event "Titled Tuesday intern op 01st Feb-B"]
[Site "Chess.com INT"]
[Date "2022.02.02"]
[Round "2"]
[White "Dejmek, Mark W"]
[Black "Yedidia, Daniel"]
[Result "0-1"]
[WhiteElo "2018"]
[BlackElo "1991"]
[PlyCount "74"]
[EventDate "2022.02.02"]
[EventType "swiss (blitz)"]
[EventRounds "11"]
[EventCountry "USA"]
[SourceTitle "CBM 206 Extra"]
[Source "ChessBase"]
[SourceDate "2022.03.31"]
[SourceVersion "1"]
[SourceVersionDate "2022.03.31"]
[SourceQuality "1"]

1. Nf3 Nf6 2. g3 c5 3. Bg2 Nc6 4. d4 cxd4 5. Nxd4 g6 6. e4 d6 7. Ne2 Bg7 8. c4 0-0 9. Nbc3 Be6 10. Nd5 Qd7 11. Nef4 Bg4 12. f3 Be6 13. 0-0 Rac8 14. Nxe6 Qxe6 15. Be3 Qd7 16. Rc1 Ne5 17. b3 b5 18. cxb5 Rxc1 19. Qxc1 Nxd5 20. exd5 Qxb5 21. f4 Ng4 22. Bxa7 Ra8 23. Qc7 Qa6 24. h3 Qxa7+ 25. Qxa7 Rxa7 26. hxg4 Rxa2 27. Rb1 Bd4+ 28. Kh1 Kg7 29. b4 Ra3 30. b5 Bb6 31. Kh2 h6 32. g5 hxg5 33. fxg5 Re3 34. Bf1 Re5 35. Bg2 Rxg5 36. Ra1 Rh5+ 37. Bh3 Rxd5 0-1

[Event "Titled Tuesday intern op 09th Nov"]
[Site "Chess.com INT"]
[Date "2021.11.09"]
[Round "4"]
[White "Bashirli, Saadat"]
[Black "Dejmek, Mark W"]
[Result "0-1"]
[WhiteElo "1351"]
[BlackElo "2018"]
[PlyCount "98"]
[EventDate "2021.11.09"]
[EventType "swiss (blitz)"]
[EventRounds "11"]
[EventCountry "USA"]
[SourceTitle "CBM 205 Extra"]
[Source "ChessBase"]
[SourceDate "2022.01.31"]
[SourceVersion "1"]
[SourceVersionDate "2022.01.31"]
[SourceQuality "1"]

1. d4 Nf6 2. Bg5 c5 3. dxc5 Qa5+ 4. c3 Qxc5 5. Nf3 Qb6 6. Qc2 g6 7. Nbd2 Bg7 8. e3 d5 9. Bd3 0-0 10. 0-0 Nbd7 11. Rfe1 Nc5 12. Bf1 Bf5 13. Qc1 Nd3 14. Bxd3 Bxd3 15. Bxf6 Bxf6 16. e4 dxe4 17. Nxe4 Bg7 18. Neg5 e6 19. Ne4 Rac8 20. Qd2 Rfd8 21. Qc1 a5 22. Ned2 a4 23. a3 Bh6 24. Qd1 Qxb2 25. Rc1 Rxc3 26. Rxc3 Qxc3 27. h3 Ba6 28. Kh2 Bxd2 29. Nxd2 Qxd2 30. Qf3 Qd6+ 31. Kg1 Qd5 32. Qe3 Qd2 33. Qe5 Qd5 34. Qf6 Bb5 35. Re5 Qd7 36. Kh2 Bc6 37. Rg5 Qd6+ 38. g3 Qd4 39. Rg4 Qxf6 40. Rf4 Qc3 41. h4 Qd2 42. Kh3 Rd4 43. Rf6 Rd6 44. Rf4 Rd5 45. Rf6 Rf5 46. Rxf5 exf5 47. g4 Qxf2 48. g5 Qf3+ 49. Kh2 Qg2# 0-1

[Event "Titled Tuesday intern op 09th Nov"]
[Site "Chess.com INT"]
[Date "2021.11.09"]
[Round "2"]
[White "Dejmek, Mark W"]
[Black "Derraugh, Geordie"]
[Result "0-1"]
[WhiteElo "2018"]
[BlackElo "2209"]
[PlyCount "66"]
[EventDate "2021.11.09"]
[EventType "swiss (blitz)"]
[EventRounds "11"]
[EventCountry "USA"]
[SourceTitle "CBM 205 Extra"]
[Source "ChessBase"]
[SourceDate "2022.01.31"]
[SourceVersion "1"]
[SourceVersionDate "2022.01.31"]
[SourceQuality "1"]

1. Nf3 Nf6 2. g3 g6 3. d4 Bg7 4. Bg2 0-0 5. 0-0 d5 6. Be3 c6 7. Qc1 Ne4 8. Bh6 f5 9. Bxg7 Kxg7 10. Ne5 Qb6 11. c3 Be6 12. f3 Nf6 13. Nd2 Nbd7 14. Nxd7 Nxd7 15. e4 c5 16. dxc5 Nxc5 17. Kh1 fxe4 18. fxe4 Nd3 19. Qc2 Nf2+ 20. Rxf2 Rxf2 21. Qd3 Qxb2 22. Qd4+ Kg8 23. Qxf2 Qxa1+ 24. Nf1 Rf8 25. Qe2 dxe4 26. Kg1 Bd5 27. h3 Qxa2 28. Qxa2 Bxa2 29. Bxe4 b5 30. Ne3 Rc8 31. Bd5+ Bxd5 32. Nxd5 Kf7 33. Kf2 Rc5 0-1

[Event "Titled Tuesday intern op 19th Oct"]
[Site "Chess.com INT"]
[Date "2021.10.19"]
[Round "6"]
[White "Dejmek, Mark W"]
[Black "Necula, Iulian"]
[Result "1-0"]
[WhiteElo "2018"]
[BlackElo "1890"]
[PlyCount "207"]
[EventDate "2021.10.19"]
[EventType "swiss (blitz)"]
[EventRounds "11"]
[EventCountry "USA"]
[SourceTitle "CBM 204 Extra"]
[Source "ChessBase"]
[SourceDate "2021.11.30"]
[SourceVersion "1"]
[SourceVersionDate "2021.11.30"]
[SourceQuality "1"]

1. Nf3 d6 2. d4 f5 3. g3 Nf6 4. Bg2 g6 5. c4 Bg7 6. b4 0-0 7. Bb2 c6 8. 0-0 Qc7 9. Nbd2 Na6 10. a3 Bd7 11. Rc1 Rad8 12. Qc2 Rfe8 13. Qb1 e5 14. b5 Nb8 15. dxe5 dxe5 16. e4 f4 17. Qa1 Qa5 18. Nb3 Qa4 19. Nc5 Qa5 20. Bxe5 Rxe5 21. Qxe5 fxg3 22. Qxg3 Qb6 23. Nxd7 Nbxd7 24. e5 Nh5 25. Qh4 Nxe5 26. Nxe5 Bxe5 27. c5 Qc7 28. b6 axb6 29. cxb6 Qxb6 30. Rb1 Qc7 31. Rxb7 Qxb7 32. Qxd8+ Kg7 33. Rd1 Nf6 34. Qd3 Qc7 35. Qc4 Bxh2+ 36. Kh1 Be5 37. Qxc6 Qe7 38. Qb7 Kf7 39. Qxe7+ Kxe7 40. a4 Bc3 41. Rd3 Ba5 42. Re3+ Kd6 43. Rb3 Nd5 44. Rb5 Nf4 45. Rxa5 Ne2 46. Ra6+ Kc5 47. Ra7 Nc3 48. Rxh7 Nb5 49. Rg7 Nd6 50. Rxg6 Nb7 51. Rg5+ Kb6 52. a5+ Ka7 53. Rb5 Nd6 54. Rb6 Nc4 55. Rg6 Nxa5 56. Rg7+ Kb6 57. Rg6+ Kc7 58. Rg5 Nc4 59. Rh5 Nd2 60. Rh7+ Kd6 61. Rh4 Ke5 62. Rh5+ Kf6 63. Rh8 Kg7 64. Rd8 Nb1 65. Rd5 Nc3 66. Rd7+ Kf6 67. Rd6+ Ke7 68. Rc6 Nd1 69. Rh6 Kf7 70. Kg1 Nc3 71. Rh3 Nb5 72. Rf3+ Kg7 73. Rd3 Kf6 74. Be4 Nc7 75. f4 Ne8 76. Rd8 Ng7 77. Rd7 Nh5 78. Rd6+ Ke7 79. Ra6 Nxf4 80. Bc2 Ne2+ 81. Kf2 Nd4 82. Bd3 Ne6 83. Bc4 Ng5 84. Ra7+ Kd6 85. Ra6+ Ke7 86. Be2 Ne4+ 87. Ke3 Nc5 88. Rh6 Ne6 89. Bf3 Ng5 90. Ra6 Nh3 91. Be4 Ng5 92. Ra7+ Kd6 93. Ra6+ Ke7 94. Ra7+ Kd6 95. Rb7 Nh3 96. Rb6+ Ke7 97. Rh6 Ng5 98. Rh5 Nf7 99. Rf5 Nd6 100. Re5+ Kd7 101. Rd5 Ke6 102. Rh5 Nf7 103. Rh7 Ng5 104. Rg7 1-0